00425nam a2200145Ia 4500008004100000041000900041082001500050100001800065245003300083260003800116300000800154650000800162999001700170952009200187230718s9999 xx 000 0 und d aEng. a346bAHH-T aAhhas, Nowend 0atre Company low in faciston  aPakistanbMarsand law bookkc2001 a222 aLaw c29338d29338 00104070aSIRC-LbSIRC-Ld2023-07-18l0o346 AHH-Tp24289r2023-07-18w2023-07-18yBK